Developing Community Based Tourism in Al Zweitine Town
| Szerző: | |
|---|---|
| További közreműködők: | |
| Dokumentumtípus: | Diplomadolgozat |
| Kulcsszavak: | community based tourism Local Community Empowerment Post-conflict Tourism Rural Tourism in Syria Sustainable Tourism Development |
| Online Access: | http://dolgozattar.uni-bge.hu/60191 |
MARC
| LEADER | 00000nta a2200000 i 4500 | ||
|---|---|---|---|
| 001 | dolg60191 | ||
| 005 | 20260409150121.0 | ||
| 008 | 260409suuuu hu om 000 eng d | ||
| 040 | |a BGE Dolgozattár Repozitórium |b hun | ||
| 041 | |a en | ||
| 100 | 1 | |a Khouli Toleen | |
| 245 | 1 | 0 | |a Developing Community Based Tourism in Al Zweitine Town |c Khouli Toleen |h [elektronikus dokumentum] |
| 520 | 3 | |a This thesis explores the development of community-based tourism (CBT) in Al Zweitine Town, Syria. The study aims to enhance sustainable tourism practices that benefit the local community by leveraging the town’s cultural and natural heritage. Located near major tourist attractions such as Krak des Chevaliers, Al Zweitine has the potential to grow as a tourism destination. Despite the end of the civil war, Syria’s tourism sector still faces uncertainty, poor infrastructure, and limited local experience. Through stakeholder analysis and local community input, this research identifies key challenges and opportunities to support CBT and promote Al Zweitine as a sustainable tourism destination. | |
| 695 | |a community based tourism | ||
| 695 | |a Local Community Empowerment | ||
| 695 | |a Post-conflict Tourism | ||
| 695 | |a Rural Tourism in Syria | ||
| 695 | |a Sustainable Tourism Development | ||
| 700 | 1 | |a Formádi Dr. Katalin Klaudia |e ths | |
| 856 | 4 | 0 | |u http://dolgozattar.uni-bge.hu/60191/1/Khouli_Toleen_Developing_Community_Based_Tourism_in_Al%20Zweitine_Town_O6C045.pdf |z Dokumentum-elérés |
| 856 | 4 | 0 | |u http://dolgozattar.uni-bge.hu/60191/2/Khouli_Toleen_Developing_Community_Based_Tourism_in_Al%20Zweitine_Town_O6C045.pdf |z Dokumentum-elérés |
| 856 | 4 | 0 | |u http://dolgozattar.uni-bge.hu/60191/3/Thesis%20Assessment%20Sheet_Thouli.pdf |z Dokumentum-elérés |
| 856 | 4 | 0 | |u http://dolgozattar.uni-bge.hu/60191/4/Khouli_Toleen_opponent_Kovacs_Edina.pdf |z Dokumentum-elérés |